Miglior risultato ai Mondiali - Quiz n°2 - Statistics

Statistiche generali
  • Questo quiz è stato fatto 15 volte
  • Il punteggio medio è 10 su 16
Statistiche sulle risposte
Hint Risposta % Corretto
Croazia Secondo posto
100%
Kuwait Primo turno
93%
Haiti Primo turno
93%
Togo Primo turno
93%
Germania Campione
86%
Inghilterra Campione
79%
Slovenia Primo turno
71%
Sudafrica Primo turno
71%
Bosnia ed Erzegovina Primo turno
71%
Tunisia Primo turno
64%
Ecuador Ottavi di finale
57%
Grecia Ottavi di finale
57%
Svezia Secondo posto
36%
Stati Uniti Terzo posto
29%
Paraguay Quarti di finale
14%
Bulgaria Quarto posto
7%
Nessun quiz corrispondente trovato
Distribuzione punteggi
Percentuale di utenti per punteggio
Percentile per numero di risposta
I tuoi punteggi nel tempo
Non hai fatto questo quiz